|
|
|
|
| LEADER |
00000cam a2200000 ca4500 |
| 001 |
1381763189 |
| 003 |
DE-627 |
| 005 |
20220528115710.0 |
| 007 |
tu |
| 008 |
091013n20uuuuuugw ||||| 00| ||ger c |
| 016 |
7 |
|
|a 995404690
|2 DE-101
|
| 035 |
|
|
|a (DE-627)1381763189
|
| 035 |
|
|
|a (DE-576)311763189
|
| 035 |
|
|
|a (DE-599)DNB995404690
|
| 040 |
|
|
|a DE-627
|b ger
|c DE-627
|e rakwb
|
| 041 |
|
|
|a ger
|
| 044 |
|
|
|c XA-DE-SH
|
| 082 |
0 |
4 |
|a 360
|
| 100 |
1 |
|
|a Barsch, Gundula
|d 1958-
|0 (DE-588)123064422
|0 (DE-627)082325324
|0 (DE-576)166810967
|4 aut
|
| 109 |
|
|
|a Barsch, Gundula 1958-
|a Barsch, G. 1958-
|
| 190 |
|
|
|j 2009
|
| 245 |
1 |
0 |
|a Von Herrengedeck und Kumpeltod
|b die Drogengeschichte der DDR
|c Gundula Barsch
|
| 264 |
|
1 |
|a Geesthacht
|b Neuland
|c 20XX-
|
| 300 |
|
|
|c 21 cm
|
| 336 |
|
|
|a Text
|b txt
|2 rdacontent
|
| 337 |
|
|
|a ohne Hilfsmittel zu benutzen
|b n
|2 rdamedia
|
| 338 |
|
|
|a Band
|b nc
|2 rdacarrier
|
| 515 |
|
|
|a 1 (2009) -
|
| 689 |
0 |
0 |
|d g
|0 (DE-588)4011890-3
|0 (DE-627)104732415
|0 (DE-576)20889621X
|a Deutschland
|g DDR
|2 gnd
|
| 689 |
0 |
1 |
|d s
|0 (DE-588)4198658-1
|0 (DE-627)105187038
|0 (DE-576)210123443
|a Drogenkonsum
|2 gnd
|
| 689 |
0 |
2 |
|d s
|0 (DE-588)4001220-7
|0 (DE-627)106398040
|0 (DE-576)208841741
|a Alkoholismus
|2 gnd
|
| 689 |
0 |
|
|5 (DE-627)
|
| 935 |
|
|
|a mkri
|
| 951 |
|
|
|a MC
|
| ELC |
|
|
|b 1
|
| LOK |
|
|
|0 000 xxxxxcx a22 zn 4500
|
| LOK |
|
|
|0 001 2614048941
|
| LOK |
|
|
|0 003 DE-627
|
| LOK |
|
|
|0 004 1381763189
|
| LOK |
|
|
|0 005 20091112115416
|
| LOK |
|
|
|0 008 091109||||||||||||||||ger|||||||
|
| LOK |
|
|
|0 040
|a DE-Frei85
|c DE-627
|d DE-Frei85
|
| LOK |
|
|
|0 852
|a DE-Frei85
|
| LOK |
|
|
|0 852 1
|m p
|9 00
|
| LOK |
|
|
|0 938
|k p
|
| LOK |
|
|
|0 939
|a 09-11-09
|b l01
|
| ORI |
|
|
|a SA-MARC-krimdoka001.raw
|
| SPR |
|
|
|a 1
|t KRI
|
| TIM |
|
|
|a 100019491007_100019901002
|b 1949-10-07 - 1990-10-02
|